000 00444nam a2200181Ia 4500
005 20250603145335.0
008 250603s9999 xx 000 0 und d
020 _a9788123914428
050 _aRM 301.13 .K85/
100 _aKulkarni, Jayant S.
245 0 _aMCQ’s in pharmacology
260 _aNew Delhi
260 _bCBS Publishers & Distributors Pvt Ltd.
260 _c2017
300 _a340 p
650 _aNew Delhi
942 _cBK
999 _c41575
_d41575